• AIU
  • Tony Wilmot Memorial Library

Taboo caande. (Record no. 39880)

MARC details
000 -LEADER
fixed length control field 00538nam a22001931a 4500
003 - CONTROL NUMBER IDENTIFIER
control field OSt
005 - DATE AND TIME OF LATEST TRANSACTION
control field 20110718133117.0
008 - FIXED-LENGTH DATA ELEMENTS--GENERAL INFORMATION
fixed length control field 091005s1994 001 0 eng d
020 ## - INTERNATIONAL STANDARD BOOK NUMBER
Terms of availability 0.00
040 ## - CATALOGING SOURCE
Original cataloging agency NEGST Library - Kenya
Language of cataloging DLC
Transcribing agency DLC
Modifying agency DLC
050 #4 - LIBRARY OF CONGRESS CALL NUMBER
Classification number REF BS 325.W33 1994
245 00 - TITLE STATEMENT
Title Taboo caande.
260 ## - PUBLICATION, DISTRIBUTION, ETC. (IMPRINT)
Name of publisher, distributor, etc International Bible Soci,
Date of publication, distribution, etc c1994.
300 ## - PHYSICAL DESCRIPTION
Extent 679 p.;
500 ## - GENERAL NOTE
General note [Africana] Includes maps.
600 10 - SUBJECT ADDED ENTRY--PERSONAL NAME
Personal name Waama language - Bible.
9 (RLIN) 7915
942 ## - ADDED ENTRY ELEMENTS (KOHA)
Source of classification or shelving scheme Library of Congress Classification
Koha item type Articles
Holdings
Withdrawn status Lost status Source of classification or shelving scheme Damaged status Not for loan Collection code Home library Current library Shelving location Date acquired Source of acquisition Cost, normal purchase price Total Checkouts Full call number Barcode Date last seen Price effective from Koha item type
    Library of Congress Classification     Reference AIU/NEGST - Tony Wilmot Memorial Library AIU/NEGST - Tony Wilmot Memorial Library Reference 10/05/2009 donation 4.00   REF BS 325.W33 1994 R34679W3232 09/26/2019 10/05/2009 Reference